000 00765cam a2200241 a 4500
001 12266972
005 20250826152006.0
008 001228s2002 cau b 001 0 eng
020 _a0534367577
_qalk. paper
020 _a9780534367572
_q(alk. paper)
050 0 0 _aBF637.C6
_bJ34 2002
082 0 0 _a158/.35
_221
100 1 _aJacobs, Edward E.,
_d1944-
245 1 0 _aGroup counseling :
_bstrategies and skills /
_cEd E. Jacobs, Robert L. Masson, Riley L. Harvill.
250 _a4th ed.
260 _aPacific Grove, CA :
_bThomson Learning/Brooks/Cole,
_cc2002.
300 _axvi, 428 p. ;
_c24 cm.
650 0 _aGroup counseling.
650 0 _aLeadership.
700 1 _aMasson, Robert L.,
_d1936-
700 1 _aHarvill, Riley L.,
_d1955-
942 _2lcc
_cBK
_n0
999 _c7382
_d7382